| 000 | 01178nam a2200313 a 4500 | ||
|---|---|---|---|
| 001 | ebr10023313 | ||
| 003 | CaPaEBR | ||
| 006 | m u | ||
| 007 | cr cn||||||||| | ||
| 008 | 010913s2002 ctu sb 001 0 eng | ||
| 010 | _z 2001043793 | ||
| 020 | _z089789832X (alk. paper) | ||
| 020 | _z0897898338 (pbk. : alk. paper) | ||
| 040 |
_aCaPaEBR _cCaPaEBR |
||
| 035 | _a(OCoLC)614636970 | ||
| 050 | 1 | 4 |
_aGN397.5 _b.V36 2002eb |
| 082 | 0 | 4 |
_a307.1/4 _221 |
| 100 | 1 | _aVan Willigen, John. | |
| 245 | 1 | 0 |
_aApplied anthropology _h[electronic resource] : _ban introduction / _cJohn van Willigen. |
| 250 | _a3rd ed. | ||
| 260 |
_aWestport, CT : _bBergin & Garvey, _cc2002. |
||
| 300 | _axviii, 285 p. | ||
| 504 | _aIncludes bibliographical references and index. | ||
| 533 |
_aElectronic reproduction. _bPalo Alto, Calif. : _cebrary, _d2013. _nAvailable via World Wide Web. _nAccess may be limited to ebrary affiliated libraries. |
||
| 650 | 0 | _aApplied anthropology. | |
| 655 | 7 |
_aElectronic books. _2local |
|
| 710 | 2 | _aebrary, Inc. | |
| 856 | 4 | 0 |
_uhttp://site.ebrary.com/lib/rucke/Doc?id=10023313 _zAn electronic book accessible through the World Wide Web; click to view |
| 999 |
_c22571 _d22571 |
||